Statystyki dla Przystanki Linii Autobusowej 107 Wrocław

Kliknij tutaj aby rozwiązać quiz!

Ogólne statystyki

  • Ten quiz został rozwiązany 10 razy
  • Średni wynik to 21 z 54

Statystyki odpowiedzi

HintOdpowiedź% Poprawnych
1Krzyki
100%
17FAT
86%
15Grabiszyńska(Cmentarz)
71%
14Oporów
71%
54Pracze Odrzańskie
71%
13Solskiego
71%
12Wiejska
71%
29Chociebuska
57%
16Fiołkowa
57%
5Klecina
57%
42Fieldorfa(Szpital)
43%
9Giełdowa(Centrum Hurtu)
43%
50Główna
43%
19Końcowa
43%
41Kosmonautów(Szpital)
43%
20Krzemieniecka
43%
8Marchewkowa
43%
26Mińska(Rondo Rotm. Pileckiego)
43%
23Muchobór Wielki
43%
24Muchobór Wielki(Roślinna)
43%
49Park Stabłowicki
43%
53Pracze Odrzańskie(Stacja Kolejowa)
43%
27Rogowska(P+R)
43%
48Stabłowice
43%
22Stanisławowska(W.k. formaty)
43%
28Strzegomska(Krzyżówka)
43%
21Trawowa
43%
25Tyrmanda
43%
7Wałbrzyska
43%
47Wojanowska
43%
46Arachidowa
29%
32Kołobrzeska
29%
6Kościelna
29%
45Olbrachtowska
29%
3Os. Przyjaźni
29%
4Skarbowców
29%
35Strachowicka
29%
33Szczecińska
29%
36Żernicka NŻ
29%
34Żerniki
29%
2Zimowa NŻ
29%
11Adamieckiego
14%
39Częstochowska NŻ
14%
43Fieldorfa NŻ
14%
40Halicka NŻ
14%
38Jerzmanowska Nr 17 NŻ
14%
37Jerzmanowska Nr 9 NŻ
14%
10Morelowskiego NŻ
14%
18Ostrowskiego NŻ
14%
30Rogowska(Ośrodek Sportu)
14%
52Stabłowicka NŻ
14%
51Stabłowicka(Ośrodek Zdrowia)
14%
44Stoszowska NŻ
14%
31Wrocław Nowy Dwór(P+R)
14%

Rozkład punktacji

Percentyl według liczby udzielonych odpowiedzi

Procent ludzi z każdym wynikiem

Twoja historia wyników

Nie rozwiązałeś tego quizu